| 000 | 01303nam a22003497a 4500 | ||
|---|---|---|---|
| 003 | CHAP | ||
| 005 | 20220817044338.0 | ||
| 008 | 100504s2009 mx r 00010 spa d | ||
| 010 | _a98331 | ||
| 011 | _a99303 | ||
| 035 | _a109989 | ||
| 040 | _cCHAP | ||
| 090 | _aTesis | ||
| 100 | 1 |
_aGabriel López, Rosario Isabel. _944137 |
|
| 245 | 1 | 0 |
_aSistemas agroforestales para el desarrollo sostenible de la cafeticultura en Huatusco, Veracruz _c/por Rosario Isabel Gabriel López |
| 260 |
_aChapingo, Méx. : _bEl autor, _c2009 |
||
| 300 |
_axiii, 134 h. : _bilus., cuadros, gráfs. |
||
| 502 | _aTesis (M.C. en Agroforestería para el Desarrollo sostenible) -- UACH. Departamento de Suelos | ||
| 590 |
_aALEPH _b10 _c20130110 _lUCH01 _h1534 |
||
| 590 |
_aBATCH-UPD _b10 _c20130110 _lUCH01 _h1009 |
||
| 590 |
_aBATCH-UPD _b10 _c20130410 _lUCH01 _h0617 |
||
| 590 |
_aBATCH-UPD _b10 _c20130913 _lUCH01 _h2213 |
||
| 590 |
_aCONVERSION _b10 _c20130109 _lUCH01 _h1354 |
||
| 650 | 1 | 4 | _aAgricultura sustentable. |
| 650 | 1 | 4 |
_aAgroforestería _zVeracruz. _92181 |
| 650 | 1 | 4 |
_aCafé _zVeracruz. |
| 901 | _aBK | ||
| 911 | _aen proceso | ||
| 942 | _cFOLL | ||
| 949 |
_aTesis _bBC _cTES _d33724002116504 _eTS1 _gDonaciØn _h50496 _i109989 _sb |
||
| 949 |
_aTesis _bBC _cTES _d33724002116545 _eTS2 _fc.2 _gDonaciØn _h50497 _i109989 _sb |
||
| 999 |
_c98331 _d98331 |
||